00381nam a22001217a 4500040000900000100003400009245004100043260002800084300001000112942001200122999001900134952010600153 cSCME aReinoso ,B.M.cEnaney9113239 aCharacterization of porous solids VI aNewYorkbElsevierc2002 a733p. 2ddccBK c594991d594991 00102ddc4070aSCMEbSCMEcCARTd2023-06-23l0o620.43 R364CpSCME-4853r2023-06-23w2023-06-23yBK